GHOST STORIES / (Record no. 189695)

MARC details
000 -LEADER
fixed length control field 01223nam a2200313 i 4500
003 - CONTROL NUMBER IDENTIFIER
control field OSt
008 - FIXED-LENGTH DATA ELEMENTS--GENERAL INFORMATION
fixed length control field 221025s2021 enka j 000 1 eng d
020 ## - INTERNATIONAL STANDARD BOOK NUMBER
International Standard Book Number 9780241520703
Terms of availability RM29.95
Qualifying information paperback
040 ## - CATALOGING SOURCE
Original cataloging agency PPAK
Language of cataloging eng
Transcribing agency PPAK
Description conventions rda
082 04 - DEWEY DECIMAL CLASSIFICATION NUMBER
Edition number 23
Classification number 823.912
090 00 - LOCALLY ASSIGNED LC-TYPE CALL NUMBER (OCLC); LOCAL CALL NUMBER (RLIN)
Classification number (OCLC) (R) ; Classification number, CALL (RLIN) (NR) 823.912
Feature heading JAM
Feature heading K
100 1# - MAIN ENTRY--PERSONAL NAME
Personal name James, Montague R.,
Relator term author.
245 10 - TITLE STATEMENT
Title GHOST STORIES /
Statement of responsibility, etc. M.R. JAMES : RETOLD BY KATE WILLIAMS ; ILLUSTRATED BY TAYLOR DOLAN ; SERIES EDITOR : SORREL PITTS
264 #1 - PRODUCTION, PUBLICATION, DISTRIBUTION, MANUFACTURE, AND COPYRIGHT NOTICE
Place of production, publication, distribution, manufacture London,
Name of producer, publisher, distributor, manufacturer Penguin Books,
Date of production, publication, distribution, manufacture, or copyright notice 2021
300 ## - PHYSICAL DESCRIPTION
Extent 80 pages :
Other physical details colour illustrations ;
Dimensions 20 cm.
336 ## - CONTENT TYPE
Content type term text
Source rdacontent
337 ## - MEDIA TYPE
Media type term unmediated
Source rdamedia
338 ## - CARRIER TYPE
Carrier type term volume
Source rdacarrier
490 1# - SERIES STATEMENT
Series statement Penguin Readers ;
Volume/sequential designation LEVEL 3
500 ## - GENERAL NOTE
General note Includes questions and excercises
520 ## - SUMMARY, ETC.
Summary, etc. "A strange whistle, a dangerous curse, a buried crown and a hotel without a room 13. Don't read these four frightening ghost stories by M. R. James late at night!" -- back cover
650 10 - SUBJECT ADDED ENTRY--TOPICAL TERM
Topical term or geographic name entry element Ghost stories, English
Topical term or geographic name entry element Children's stories, English
700 1# - ADDED ENTRY--PERSONAL NAME
Personal name Williams, Kate,
Relator term author.
Personal name Dolan, Taylor,
Relator term illustrator.
Personal name Pitts, Sorrel,
Relator term editor.
830 #0 - SERIES ADDED ENTRY--UNIFORM TITLE
Uniform title Penguin readers ;
Number of part/section of a work Level 3
942 ## - ADDED ENTRY ELEMENTS (KOHA)
Source of classification or shelving scheme Dewey Decimal Classification
Koha item type Book
Holdings
Withdrawn Not for loan Current library Shelving location Date acquired Total Checkouts Full call number Barcode Date last seen Date last checked out Koha item type Total Renewals
    Perpustakaan Alor Setar Pinjaman Kanak-kanak 13/12/2022 2 K 823.912 JAM A01761296 01/11/2025 11/10/2025 Book  
    Perpustakaan Awam Sungai Petani Pinjaman Kanak-kanak 13/12/2022 2 K 823.912 JAM A01761297 10/06/2023 10/06/2023 Book 1
    Perpustakaan Baling Pinjaman Kanak-kanak 13/12/2022   K 823.912 JAM A01761301 13/12/2022   Book  
    Perpustakaan Bandar Baharu Pinjaman Kanak-kanak 13/12/2022   K 823.912 JAM A01761302 13/12/2022   Book  
    Perpustakaan Jitra Pinjaman Kanak-kanak 13/12/2022 1 K 823.912 JAM A01761298 26/12/2023 06/09/2023 Book 1
    Perpustakaan Kulim Pinjaman Kanak-kanak 13/12/2022 2 K 823.912 JAM A01761300 03/08/2024 21/07/2024 Book  
    Perpustakaan Langkawi Pinjaman Kanak-kanak 13/12/2022 1 K 823.912 JAM A01761299 11/08/2025 06/08/2025 Book